000 00202 a2200097 4500
001 10352
100 _aKiver, M D
245 _aTelevision simplified
260 _a
_bD Van Nost
_c
090 _c8005
_d8005
942 _aNUST-CAE
_cM
_c34718
999 _c245425
_d245425